| 000 | 00526nam a2200181Ia 4500 | ||
|---|---|---|---|
| 999 |
_c29009 _d29009 |
||
| 003 | OSt | ||
| 005 | 20201228104913.0 | ||
| 008 | 190216s9999||||xx |||||||||||||| ||und|| | ||
| 020 | _a9788182643086 | ||
| 040 | _coclc | ||
| 082 |
_a894.812301 _bVAL/V |
||
| 100 |
_aValsala, P _96547 |
||
| 245 | 0 |
_aValsalayude Kathakal / _cP Valsala |
|
| 260 |
_bMathrubhumi Printing & publishing, _aKozhikode: _c2006. |
||
| 300 | _a336p | ||
| 650 | _aKathakal | ||
| 942 |
_cBK _2ddc _h894.812301 _iVAL/V _k894.812301 _mVAL/V |
||